Once poetas franceses / (Registro nro. 3319)

Detalles MARC
000 -LEADER
fixed length control field 01205nam a2200277Ia 4500
003 - CONTROL NUMBER IDENTIFIER
control field OSt
005 - DATE AND TIME OF LATEST TRANSACTION
control field 20200917222822.0
008 - FIXED-LENGTH DATA ELEMENTS--GENERAL INFORMATION
fixed length control field 191128t2017 ck gr 000 0 spa d
020 ## - INTERNATIONAL STANDARD BOOK NUMBER
International Standard Book Number 978958997377
040 ## - CATALOGING SOURCE
Original cataloging agency CO-JMCR
Transcribing agency CO-JMCR
041 0# - LANGUAGE CODE
Language code of text/sound track or separate title spa
-- fre
082 04 - DEWEY DECIMAL CLASSIFICATION NUMBER
Classification number 841 /
Item number O583o
Edition number 23
245 00 - TITLE STATEMENT
Title Once poetas franceses /
Statement of responsibility, etc. selección y prólogo Anne Louyot ; traducciones Andrés Holguín
250 ## - EDITION STATEMENT
Edition statement Primera edición
260 ## - PUBLICATION, DISTRIBUTION, ETC.
Place of publication, distribution, etc. Bogotá :
Name of publisher, distributor, etc. Alcaldía Mayor de Bogotá : Instituto Distrital de las Artes,
Date of publication, distribution, etc. ©2017
300 ## - PHYSICAL DESCRIPTION
Extent 113 páginas ;
Dimensions 17 cm.
490 0# - SERIES STATEMENT
Series statement Libro al viento universal ;
Volume/sequential designation 122
500 ## - GENERAL NOTE
General note "Clásicos de siempre de la literatura"
505 0# - FORMATTED CONTENTS NOTE
Formatted contents note Once poetas franceses en el marco del año Colombia-Francia 2017-- Año Colombia-- Francia 2017-- François Villon--Louise Labé--Victor Hugo--Gérard de Nerval--Charles Baudelaire--Pail Verlaine--Isidore Ducasse, Conde de Lautrémont--Arthur Rimbaud
546 ## - LANGUAGE NOTE
Language note Texto en español y francés
650 14 - SUBJECT ADDED ENTRY--TOPICAL TERM
Topical term or geographic name entry element Poesía francesa
9 (RLIN) 7738
650 14 - SUBJECT ADDED ENTRY--TOPICAL TERM
Topical term or geographic name entry element Literatura francesa
9 (RLIN) 10459
700 1# - ADDED ENTRY--PERSONAL NAME
Personal name Louyot, Anne,
Relator term prologuista
9 (RLIN) 10460
700 1# - ADDED ENTRY--PERSONAL NAME
Personal name Holguín, Andrés,
Relator term traductor
9 (RLIN) 9187
942 ## - ADDED ENTRY ELEMENTS (KOHA)
Source of classification or shelving scheme Dewey Decimal Classification
Koha item type Books
Existencias
Withdrawn status Lost status Source of classification or shelving scheme Damaged status Not for loan Collection code Home library Current library Date acquired Source of acquisition Full call number Barcode Date last seen Copy number Koha item type
    Dewey Decimal Classification     Non-fiction Biblioteca Pública José María del Castillo y Rada Biblioteca Pública José María del Castillo y Rada 01/22/2018 Donación 841 / O583o 201801214 11/28/2019 Ej.1 Books